01229cam a2200265 a 450000100100000000500170001000800410002702000150006804000250008308200190010811001150012724501250024224600440036726000670041130000280047850000360050665000600054265000360060265000310063870000550066971000440072471000580076895201220082699900150094800000643820200929153930.0950414s1993 ag a c f001 0 spa  a9500000172 aDO-SdBNPbspacBNPHU a982.001bA691t1 aArgentina.bMinisterio de Cultura y Educación de la NaciónbSecretaría de Cultura de la Nación.91786610aGente de la tierra :bel aporte indígena a la identidad nacional. /cprólogo de José María Castiñeira de Dios.10aAporte indigena a la identidad nacional aBuenos Aires :bSecretaría de Cultura de la Nación,c1993. a80 p. :bill. ;c20 cm. aCatálogo de una exposición. 4aIndios de sur américazArgentinaxExhibición917867 4aIndígenas de argentina917868 4aArgentinaxHistoria9178691 aCastiñeira de Dios, José Maríaeprol.9178701 aBiblioteca Nacional (Argentina).9178711 aSecretaría de Estado de Cultura (Argentina).917872 001052708MOaGRbGRcCTd2009-08-28iLF1l0o982.001 A691tp6438-10r2020-06-25w2020-06-25y2ZPréstamo interno c6233d6233